Research advances in business and management (Record no. 1320383)

MARC details
000 -LEADER
fixed length control field 01073nam a2200217 4500
005 - DATE AND TIME OF LATEST TRANSACTION
control field 20250508095823.0
008 - FIXED-LENGTH DATA ELEMENTS--GENERAL INFORMATION
fixed length control field 250508b |||||||| |||| 00| 0 eng d
020 ## - INTERNATIONAL STANDARD BOOK NUMBER
International Standard Book Number 9781666869422
037 ## - SOURCE OF ACQUISITION
Terms of availability Textual
040 ## - CATALOGING SOURCE
Original cataloging agency RTL
Transcribing agency RTL
084 ## - COLON CLASSIFICATION NUMBER
Classification number X:51b4-8 R4
Assigning agency RTL
100 ## - MAIN ENTRY--PERSONAL NAME
Personal name Gordon, Eric
245 ## - TITLE STATEMENT
Title Research advances in business and management
260 ## - PUBLICATION, DISTRIBUTION, ETC.
Place of publication, distribution, etc. Wilmington
Name of publisher, distributor, etc. American academic publisher
Date of publication, distribution, etc. 2024
300 ## - PHYSICAL DESCRIPTION
Extent ix, 356 p.
Other physical details Includes bibliographical reference and index
520 ## - SUMMARY, ETC.
Summary, etc. Research advances in business and management involve exploring and understanding business operations, management practices, and strategies through systematic inquiry. This research aims to solve real-world business problems and contribute to the body of knowledge in management. It often involves a multidisciplinary approach, drawing on various fields like marketing, finance, and organizational behavior.
650 ## - SUBJECT ADDED ENTRY--TOPICAL TERM
Topical term or geographic name entry element Strategic management
650 ## - SUBJECT ADDED ENTRY--TOPICAL TERM
Topical term or geographic name entry element Operations management
9 (RLIN) 442602
650 ## - SUBJECT ADDED ENTRY--TOPICAL TERM
Topical term or geographic name entry element Business management
942 ## - ADDED ENTRY ELEMENTS (KOHA)
Source of classification or shelving scheme Colon Classification (CC)
Suppress in OPAC No
Koha item type Textbook
Classification part X:51b4-8 R4
Holdings
Withdrawn status Lost status Source of classification or shelving scheme Damaged status Not for loan Home library Current library Date acquired Total Checkouts Full call number Barcode Date last seen Price effective from Koha item type
    Colon Classification (CC)     Ratan Tata Library Ratan Tata Library 2025-05-08   X:51b4-8 R4 RT1528328 2025-05-08 2025-05-08 Textbook
Copyright @ Delhi University Library System